[Event "DEM U10 2011"]
[Site "Oberhof GER"]
[Date "2011.06.17"]
[Round "10"]
[White "Köhler, Inken"]
[Black "Silber, Kevin"]
[Result "1-0"]
[Termination "normal"]
[Board "28"]
[WhiteElo "1079"]
[BlackElo "1341"]
[PlyCount "51"]
[WhiteFideId "12929301"]
[BlackFideId "12930440"]
[EventCountry "GER"]
[EventRounds "11"]
[EventType "swiss"]
[EventDate "2011.06.11"]

1. e4 d5 2. exd5 Qxd5 3. Nc3 Qa5 4. Nf3 Nf6 5. Be2 e6 6. O-O Bd6 7. b3 O-O 8.
Bb2 Bd7 9. Re1 c6 10. Bd3 Qc7 11. h3 a5 12. Ne4 Nxe4 13. Bxe4 e5 14. Nxe5 Bxe5
15. Bxe5 Qc8 16. Qh5 f5 17. Bd3 Qe8 18. Bc4+ Be6 19. Bxe6+ Qxe6 20. Bxb8 Qc8
21. Bf4 c5 22. Re7 Qd8 23. Rae1 Rc8 24. Rxb7 Qd5 25. Ree7 Qd4 26. Be5 1-0

[Event "DEM U10 2011"]
[Site "Oberhof GER"]
[Date "2011.06.17"]
[Round "10"]
[White "Merx, Florian"]
[Black "Schirra, Maurice"]
[Result "0-1"]
[Termination "normal"]
[Board "29"]
[WhiteElo "1035"]
[BlackElo "1226"]
[PlyCount "88"]
[WhiteFideId "16212304"]
[BlackFideId "12941115"]
[EventCountry "GER"]
[EventRounds "11"]
[EventType "swiss"]
[EventDate "2011.06.11"]

1. e4 e5 2. Nf3 Nf6 3. Nxe5 d6 4. Nf3 Nxe4 5. Nc3 Nf6 6. d4 d5 7. Bf4 Bb4 8.
Qd2 Ne4 9. Qe3 O-O 10. O-O-O Nxc3 11. bxc3 Ba3+ 12. Kd2 Bf5 13. Bd3 Bxd3 14.
cxd3 Re8 15. Bg5 f6 16. Qf4 fxg5 17. Nxg5 Qf6 18. Qg3 Bd6 19. Rhe1 Rxe1 20.
Rxe1 Bxg3 21. Re8+ Qf8 22. Rxf8+ Kxf8 23. hxg3 Kg8 24. Ne6 Na6 25. c4 dxc4 26.
dxc4 Re8 27. d5 c6 28. Nf4 cxd5 29. cxd5 Rd8 30. Kd3 Nb4+ 31. Ke4 Nxa2 32. Ne6
Rd7 33. Nc5 Nc3+ 34. Kd3 Rxd5+ 35. Kc4 b5+ 36. Kxc3 Rxc5+ 37. Kb4 Rd5 38. f4 a6
39. Ka5 Rd2 40. Kxa6 b4 41. Ka5 b3 42. Ka4 b2 43. Ka3 b1=Q 44. f5 Ra2# 0-1

[Event "DEM U10 2011"]
[Site "Oberhof GER"]
[Date "2011.06.17"]
[Round "10"]
[White "Hausdorf, Lars"]
[Black "Möller, Lisa-Marie"]
[Result "1/2-1/2"]
[Termination "normal"]
[Board "30"]
[WhiteElo "1198"]
[BlackElo "1069"]
[PlyCount "34"]
[WhiteFideId "16200390"]
[BlackFideId "12959367"]
[EventCountry "GER"]
[EventRounds "11"]
[EventType "swiss"]
[EventDate "2011.06.11"]

1. e4 c5 2. Nf3 a6 3. Nc3 b5 4. d4 cxd4 5. Nxd4 Bb7 6. Bd3 Nc6 7. Be3 Nf6 8. f3
g6 9. O-O Bg7 10. Qd2 O-O 11. Nxc6 Bxc6 12. Bh6 Rc8 13. Bxg7 Kxg7 14. Be2 Qb6+
15. Kh1 d6 16. a3 Rfd8 17. Qf4 e6 1/2-1/2

[Event "DEM U10 2011"]
[Site "Oberhof GER"]
[Date "2011.06.17"]
[Round "10"]
[White "Heckmann, Till"]
[Black "Schumacher, Simon"]
[Result "1-0"]
[Termination "normal"]
[Board "31"]
[WhiteElo "1157"]
[BlackElo "1005"]
[PlyCount "97"]
[WhiteFideId "12987093"]
[EventCountry "GER"]
[EventRounds "11"]
[EventType "swiss"]
[EventDate "2011.06.11"]

1. e4 d5 2. exd5 Qxd5 3. Nc3 Qa5 4. d4 c6 5. Bd2 Bf5 6. f4 e6 7. Bc4 Nd7 8.
Nge2 Ngf6 9. Ng3 Bg6 10. f5 Bxf5 11. Nxf5 Qxf5 12. Bd3 Qg4 13. Qxg4 Nxg4 14.
O-O Bd6 15. h3 Ngf6 16. Ne4 Bc7 17. Bc3 Bb6 18. Kh1 Bc7 19. Nc5 Nxc5 20. dxc5
e5 21. Rae1 Nd7 22. Bc4 f6 23. b4 O-O-O 24. Be6 Rhe8 25. Bf5 h6 26. Re4 Kb8 27.
Rg4 Re7 28. a4 b6 29. Rc4 b5 30. axb5 cxb5 31. Rg4 Nf8 32. Bd3 a6 33. Ra1 f5
34. Bxf5 Kb7 35. Be4+ Ka7 36. Bd3 Kb7 37. Be4+ Ka7 38. c6 Rd6 39. Rf1 Ne6 40.
Bxe5 Rd2 41. Bxc7 Rxc7 42. Rf3 Re2 43. Bd5 Nd8 44. Rc3 Rf2 45. Rg6 Kb6 46. Rd6
Nf7 47. Rd7 Rxd7 48. cxd7 Rd2 49. Bxf7 1-0

[Event "DEM U10 2011"]
[Site "Oberhof GER"]
[Date "2011.06.17"]
[Round "10"]
[White "Maaß, Timo"]
[Black "Cejda, Cecilia"]
[Result "0-1"]
[Termination "normal"]
[Board "32"]
[WhiteElo "882"]
[BlackElo "1130"]
[PlyCount "128"]
[BlackFideId "12921122"]
[EventCountry "GER"]
[EventRounds "11"]
[EventType "swiss"]
[EventDate "2011.06.11"]

1. d4 d5 2. c4 e6 3. Nc3 c6 4. Nf3 f5 5. Bg5 Nf6 6. e3 Bd6 7. Bd3 O-O 8. O-O
Bd7 9. Qb3 Qc7 10. cxd5 cxd5 11. Nb5 Bxb5 12. Bxb5 Ne4 13. Bh4 Bxh2+ 14. Nxh2
Nd2 15. Qc3 Qxc3 16. bxc3 Nxf1 17. Rxf1 a6 18. Bd3 Kh8 19. Nf3 Nc6 20. Ng5 Rf6
21. Nf3 g5 22. Bxg5 Rg6 23. Bf4 Rag8 24. g3 h5 25. Ne5 Nxe5 26. Bxe5+ Kh7 27.
Kh1 h4 28. Rg1 hxg3 29. Rxg3 Rxg3 30. Bxg3 Rc8 31. Kg2 Rxc3 32. Bb1 Rc1 33. Bd3
Ra1 34. Kf3 Rxa2 35. Kf4 a5 36. Ke5 a4 37. Bb5 a3 38. Kxe6 Rb2 39. Bd3 a2 40.
Bxf5+ Kg8 41. Kxd5 a1=Q 42. Be6+ Kf8 43. Bd6+ Ke8 44. Bf5 Rb5+ 45. Ke4 Rxf5 46.
Kxf5 Qa5+ 47. Be5 b5 48. d5 b4 49. d6 b3 50. Ke6 Qxe5+ 51. Kxe5 b2 52. Ke6 b1=Q
53. f4 Qe4+ 54. Kf6 Qxe3 55. f5 Kd7 56. Kg7 Qe5+ 57. f6 Qg5+ 58. Kf7 Kxd6 59.
Ke8 Qg6+ 60. Kf8 Qxf6+ 61. Kg8 Qe7 62. Kh8 Ke6 63. Kg8 Kf6 64. Kh8 Qg7# 0-1

[Event "DEM U10 2011"]
[Site "Oberhof GER"]
[Date "2011.06.17"]
[Round "10"]
[White "Lohrmann, Tabea"]
[Black "Ackermann, Constantin"]
[Result "1-0"]
[Termination "normal"]
[Board "33"]
[WhiteElo "1039"]
[BlackElo "1103"]
[PlyCount "37"]
[WhiteFideId "12911941"]
[EventCountry "GER"]
[EventRounds "11"]
[EventType "swiss"]
[EventDate "2011.06.11"]

1. e4 e5 2. Nf3 Nc6 3. Bc4 Bc5 4. c3 Nf6 5. d4 exd4 6. cxd4 Bb6 7. d5 Ne7 8. e5
Ng4 9. O-O d6 10. e6 fxe6 11. dxe6 d5 12. Ng5 Nh6 13. Bd3 g6 14. Qf3 Rf8 15.
Qh3 Neg8 16. Nxh7 Rxf2 17. Rxf2 Qe7 18. Bxg6+ Kd8 19. Bg5 1-0

[Event "DEM U10 2011"]
[Site "Oberhof GER"]
[Date "2011.06.17"]
[Round "10"]
[White "Nguyen, Ha Thanh"]
[Black "Schamber, Dennis"]
[Result "1-0"]
[Termination "normal"]
[Board "34"]
[WhiteElo "1092"]
[BlackElo "1039"]
[PlyCount "103"]
[WhiteFideId "12942154"]
[BlackFideId "12952176"]
[EventCountry "GER"]
[EventRounds "11"]
[EventType "swiss"]
[EventDate "2011.06.11"]

1. e4 d5 2. exd5 Qxd5 3. Nc3 Qa5 4. d4 c6 5. Nf3 Bg4 6. h3 Bh5 7. g4 Bg6 8. Bg2
Nf6 9. Ne5 e6 10. h4 h6 11. Bd2 Qc7 12. Nxg6 fxg6 13. Qe2 Nbd7 14. Qxe6+ Be7
15. O-O-O Qd6 16. Qxd6 Bxd6 17. Rde1+ Be7 18. d5 Kf7 19. dxc6 bxc6 20. Bxc6
Rad8 21. Nd5 Rhe8 22. g5 hxg5 23. hxg5 Ng4 24. Nxe7 Rxe7 25. Bd5+ Ke8 26. Rh8+
Nf8 27. Bc6+ Kf7 28. Rxe7+ Kxe7 29. Bb4+ Ke6 30. Rxf8 Rd6 31. Re8+ Kf7 32. Bxd6
Nxf2 33. Rf8+ Ke6 34. Rxf2 Kxd6 35. Be8 a5 36. Bxg6 Kc5 37. Rf5+ Kb4 38. a3+
Kc4 39. Rxa5 Kd4 40. Ra8 Ke3 41. Rg8 Kf4 42. Rxg7 Kxg5 43. Bd3+ Kf4 44. b4 Ke5
45. b5 Kd6 46. b6 Kd5 47. b7 Kd4 48. b8=Q Kd5 49. Re7 Kc6 50. Qd8 Kc5 51. Rc7+
Kb6 52. Qb8+ 1-0

[Event "DEM U10 2011"]
[Site "Oberhof GER"]
[Date "2011.06.17"]
[Round "10"]
[White "Hoffmann, Lennard"]
[Black "Rau, Jennifer"]
[Result "1-0"]
[Termination "normal"]
[Board "35"]
[WhiteElo "1044"]
[BlackElo "1092"]
[PlyCount "125"]
[WhiteFideId "12943495"]
[BlackFideId "12983276"]
[EventCountry "GER"]
[EventRounds "11"]
[EventType "swiss"]
[EventDate "2011.06.11"]

1. c4 e5 2. Nc3 Nf6 3. Nf3 Nc6 4. g3 Bb4 5. Bg2 Bxc3 6. bxc3 h6 7. d4 exd4 8.
cxd4 O-O 9. O-O d6 10. Bb2 Bf5 11. d5 Ne7 12. Bxf6 gxf6 13. Qd4 Ng6 14. Rfe1
Re8 15. Rac1 c5 16. Qb2 b6 17. e3 Ne5 18. Nxe5 fxe5 19. e4 Bg6 20. Qd2 Kh7 21.
f4 f6 22. fxe5 Rxe5 23. Qf4 Qe7 24. Re2 Rf8 25. Rce1 Kg7 26. Bf3 Kh7 27. Kf2
Kg7 28. Bg4 Kh7 29. Bf5 Bxf5 30. exf5 Qe8 31. Qg4 Rg8 32. Rxe5 fxe5 33. Qh3 Qf7
34. Rg1 Rg5 35. g4 h5 36. Ke3 Kh6 37. Ke4 Kh7 38. Qf3 Qg7 39. h3 Qf7 40. h4 Rg7
41. g5 Kg8 42. g6 Qf6 43. Qxh5 Qe7 44. Rf1 Qf6 45. Qg4 b5 46. cxb5 Rb7 47. a4
a6 48. Qh5 axb5 49. axb5 Ra7 50. Kf3 Ra3+ 51. Kg2 Ra2+ 52. Rf2 Ra7 53. b6 Rb7
54. Rb2 e4 55. Ra2 Qf8 56. f6 Qxf6 57. Ra8+ Qf8 58. Rxf8+ Kxf8 59. Qh8+ Ke7 60.
g7 Rxb6 61. g8=Q Rb2+ 62. Qxb2 Kd7 63. Qb7# 1-0

[Event "DEM U10 2011"]
[Site "Oberhof GER"]
[Date "2011.06.17"]
[Round "10"]
[White "Pantsernaya, Sofya"]
[Black "Yankelevich, Michael"]
[Result "0-1"]
[Termination "normal"]
[Board "36"]
[WhiteElo "769"]
[BlackElo "1083"]
[PlyCount "52"]
[WhiteFideId "12993182"]
[BlackFideId "12921440"]
[EventCountry "GER"]
[EventRounds "11"]
[EventType "swiss"]
[EventDate "2011.06.11"]

1. e4 e5 2. Nf3 Nc6 3. Bc4 Bc5 4. c3 Nf6 5. d4 exd4 6. cxd4 Bb4+ 7. Nc3 O-O 8.
e5 Ne4 9. O-O Nxc3 10. bxc3 Bxc3 11. Rb1 d5 12. Qc2 Bxd4 13. Ng5 g6 14. Bb3 Bf5
15. Qe2 Bxb1 16. Qf3 Bf5 17. g4 h6 18. gxf5 hxg5 19. Rd1 Nxe5 20. Qh3 c5 21.
Qh6 Ng4 22. Bxg5 Nxh6 23. Bxd8 Raxd8 24. fxg6 fxg6 25. Kf1 Rxf2+ 26. Ke1 Re8#
0-1

[Event "DEM U10 2011"]
[Site "Oberhof GER"]
[Date "2011.06.17"]
[Round "10"]
[White "Volkov, Michael"]
[Black "Rosenthal, Moritz"]
[Result "0-1"]
[Termination "normal"]
[Board "37"]
[WhiteElo "1056"]
[BlackElo "847"]
[PlyCount "82"]
[BlackFideId "12946338"]
[EventCountry "GER"]
[EventRounds "11"]
[EventType "swiss"]
[EventDate "2011.06.11"]

1. e4 e5 2. Nf3 Nc6 3. Nc3 Nf6 4. Bc4 Bc5 5. O-O d6 6. d3 Na5 7. Bb3 Nxb3 8.
axb3 h6 9. Nd5 c6 10. Nc3 O-O 11. Be3 Bb6 12. Ne2 Re8 13. Ng3 d5 14. h3 d4 15.
Bd2 Bd7 16. Nh2 Qc7 17. Nh5 Qd6 18. Qf3 Nxh5 19. Qxh5 Qf6 20. Qf3 Qxf3 21. Nxf3
Rad8 22. Ba5 f6 23. Bxb6 axb6 24. c3 c5 25. cxd4 cxd4 26. Rfc1 Rc8 27. Rxc8
Rxc8 28. Ra7 Bb5 29. Rxb7 Bxd3 30. Rxb6 Bxe4 31. Ra6 Rc2 32. Ra2 d3 33. Ra1
Bxf3 34. gxf3 d2 35. Ra8+ Kh7 36. Rd8 Rc1+ 37. Kg2 d1=Q 38. Rxd1 Rxd1 39. Kg3
Rb1 40. f4 exf4+ 41. Kxf4 Rxb2 0-1

[Event "DEM U10 2011"]
[Site "Oberhof GER"]
[Date "2011.06.17"]
[Round "10"]
[White "Riegel, Arinna"]
[Black "Wastian, Mareike"]
[Result "1-0"]
[Termination "normal"]
[Board "38"]
[WhiteElo "1118"]
[BlackElo "932"]
[PlyCount "79"]
[WhiteFideId "12931446"]
[BlackFideId "12947423"]
[EventCountry "GER"]
[EventRounds "11"]
[EventType "swiss"]
[EventDate "2011.06.11"]

1. e4 c6 2. d4 d5 3. exd5 cxd5 4. Bd3 Nf6 5. h3 e6 6. Nf3 Be7 7. O-O O-O 8. Bg5
Nbd7 9. Nc3 Re8 10. Bb5 a6 11. Bxd7 Bxd7 12. Ne5 h6 13. Bh4 Rc8 14. Re1 Qc7 15.
Qe2 b5 16. a3 a5 17. Bxf6 b4 18. Bxe7 Rxe7 19. Nxd7 Rxd7 20. axb4 axb4 21. Na4
Rdd8 22. Nc5 Qf4 23. Qe3 Qf6 24. Qe5 Qg6 25. c3 bxc3 26. bxc3 Rb8 27. Re3 Rb2
28. Rg3 Qh7 29. Qc7 Rf8 30. Ra7 Rb1+ 31. Kh2 Rd1 32. Nxe6 Qb1 33. Rxg7+ Kh8 34.
Qf4 Rh1+ 35. Kg3 Qd3+ 36. f3 Qh7 37. Rxh7+ Kxh7 38. Rxf7+ Rxf7 39. Qxf7+ Kh8
40. Qg7# 1-0

[Event "DEM U10 2011"]
[Site "Oberhof GER"]
[Date "2011.06.17"]
[Round "10"]
[White "Staufenberger, Philipp"]
[Black "Könze, Heike"]
[Result "1-0"]
[Termination "normal"]
[Board "39"]
[WhiteElo "1033"]
[BlackElo "1093"]
[PlyCount "119"]
[WhiteFideId "12970883"]
[BlackFideId "12964476"]
[EventCountry "GER"]
[EventRounds "11"]
[EventType "swiss"]
[EventDate "2011.06.11"]

1. e4 c5 2. c3 d5 3. exd5 Qxd5 4. d4 Nc6 5. Nf3 Bg4 6. Be2 Nf6 7. Be3 e6 8. O-O
Bd6 9. Qd2 Qh5 10. Bf4 Bxf4 11. Qxf4 Nd5 12. Qd2 Nf6 13. Qd3 Rd8 14. Qe3 b6 15.
Bb5 Rc8 16. Nbd2 O-O 17. Qg5 Rfd8 18. Qxh5 Bxh5 19. dxc5 bxc5 20. Nb3 Bxf3 21.
gxf3 Rd5 22. Rad1 Rg5+ 23. Kh1 Ne5 24. f4 Rh5 25. fxe5 Ng4 26. Kg2 Rxh2+ 27.
Kg3 h5 28. f3 g5 29. fxg4 Rh4 30. gxh5 Kg7 31. Rh1 Rf4 32. h6+ Kh7 33. Bd3+ Kh8
34. h7 c4 35. Bc2 cxb3 36. Bxb3 Re8 37. Rdf1 Rxf1 38. Rxf1 Kxh7 39. Rxf7+ Kg8
40. Rxa7 Kh8 41. Ra6 Rg8 42. Rxe6 Rg7 43. Rh6+ Rh7 44. Rxh7+ Kxh7 45. e6 Kg6
46. e7 Kf5 47. e8=Q g4 48. Qg8 Ke5 49. Qxg4 Kd6 50. Qe4 Kd7 51. Qg6 Ke7 52. Kf4
Kd7 53. Ke5 Kc7 54. Qd6+ Kb7 55. Kd5 Ka7 56. Bc4 Kb7 57. Qc5 Kb8 58. Kd6 Ka8
59. Bd5+ Kb8 60. Qc7# 1-0

[Event "DEM U10 2011"]
[Site "Oberhof GER"]
[Date "2011.06.17"]
[Round "10"]
[White "Ratay, Meike"]
[Black "Flach, Helene"]
[Result "1-0"]
[Termination "normal"]
[Board "40"]
[WhiteElo "1087"]
[BlackElo "849"]
[PlyCount "75"]
[WhiteFideId "12977608"]
[BlackFideId "12929735"]
[EventCountry "GER"]
[EventRounds "11"]
[EventType "swiss"]
[EventDate "2011.06.11"]

1. e4 e5 2. Nf3 Nc6 3. Bc4 Bc5 4. Nc3 Nf6 5. d3 h6 6. Be3 d6 7. h3 Be6 8. Bxc5
dxc5 9. Bxe6 fxe6 10. Qd2 Qd7 11. O-O-O O-O-O 12. Qe3 Qf7 13. Qxc5 Nd4 14. Nxd4
exd4 15. Ne2 Nd7 16. Qxd4 Nb6 17. Qe3 e5 18. Nc3 Rhf8 19. Rhf1 Rd6 20. g4 Rf6
21. Rd2 Na4 22. Nxa4 Qxa2 23. Nc3 Qa1+ 24. Nb1 Rb6 25. c3 Rff6 26. Qc5 Kd8 27.
Qa3 Qxa3 28. Nxa3 Ra6 29. d4 exd4 30. Rxd4+ Kc8 31. Rfd1 b6 32. e5 Rxf2 33. e6
Rf8 34. e7 Re8 35. Rd8+ Rxd8 36. exd8=Q+ Kb7 37. Nb5 Kc6 38. Qd5# 1-0

[Event "DEM U10 2011"]
[Site "Oberhof GER"]
[Date "2011.06.17"]
[Round "10"]
[White "Kobald, Jacqueline"]
[Black "Bureik, Nicolas"]
[Result "1-0"]
[Termination "normal"]
[Board "43"]
[WhiteElo "806"]
[BlackElo "861"]
[PlyCount "33"]
[WhiteFideId "12988162"]
[BlackFideId "12971863"]
[EventCountry "GER"]
[EventRounds "11"]
[EventType "swiss"]
[EventDate "2011.06.11"]

1. e4 d5 2. exd5 Qxd5 3. Nc3 Qd6 4. d4 Nf6 5. Nf3 a6 6. Bc4 b5 7. Bb3 e6 8. O-O
Bb7 9. Be3 Nbd7 10. Qd2 a5 11. Bf4 e5 12. dxe5 Qxd2 13. Nxd2 b4 14. Nb5 Nd5 15.
Bxd5 Nxe5 16. Bxb7 Rb8 17. Bxe5 1-0

[Event "DEM U10 2011"]
[Site "Oberhof GER"]
[Date "2011.06.17"]
[Round "10"]
[White "Kopylov, Daniel"]
[Black "Reuker, Ronja"]
[Result "1-0"]
[Termination "normal"]
[Board "45"]
[WhiteElo "1130"]
[BlackElo "730"]
[PlyCount "127"]
[WhiteFideId "12921971"]
[BlackFideId "12947172"]
[EventCountry "GER"]
[EventRounds "11"]
[EventType "swiss"]
[EventDate "2011.06.11"]

1. d4 d5 2. c4 e5 3. dxe5 d4 4. Nf3 Nc6 5. e3 dxe3 6. Qxd8+ Nxd8 7. Bxe3 Bb4+
8. Nbd2 Nc6 9. O-O-O f6 10. a3 Be7 11. Ne4 fxe5 12. Bd3 Nf6 13. h3 O-O 14. Rhe1
Nxe4 15. Bxe4 Be6 16. c5 Bb3 17. Bd5+ Bxd5 18. Rxd5 e4 19. Ne5 Rad8 20. Nxc6
bxc6 21. Re5 Rd7 22. Rxe4 Bf6 23. Re6 Rb8 24. Re2 Rb7 25. Rxc6 Rd8 26. g4 Bh4
27. Bf4 Rc8 28. g5 Rf8 29. Rxc7 Rxc7 30. Bxc7 Bxg5+ 31. Kc2 Bh4 32. Bd6 Rxf2
33. Rxf2 Bxf2 34. c6 Kf7 35. c7 g5 36. c8=Q h5 37. Qf8+ Ke6 38. Qxf2 h4 39. Qc5
g4 40. Qe5+ Kd7 41. Qg7+ Kxd6 42. Qxg4 Kc5 43. b4+ Kd5 44. Kd3 Ke5 45. Qe4+ Kf6
46. Qg4 a6 47. Ke3 Ke5 48. Qf3 Ke6 49. Qf4 Ke7 50. Qf5 a5 51. b5 Kd6 52. Qe4
Kc5 53. Qd3 a4 54. b6 Kxb6 55. Qc4 Ka5 56. Qc8 Kb5 57. Qc3 Kb6 58. Qc4 Ka5 59.
Qb4+ Ka6 60. Kd4 Ka7 61. Qb5 Ka8 62. Kd5 Ka7 63. Kc6 Ka8 64. Qb7# 1-0

[Event "DEM U10 2011"]
[Site "Oberhof GER"]
[Date "2011.06.18"]
[Round "11"]
[White "Rockmann, Jan-Okke"]
[Black "Gungl, Theo"]
[Result "1-0"]
[Termination "normal"]
[Board "1"]
[WhiteElo "1294"]
[BlackElo "1736"]
[PlyCount "73"]
[WhiteFideId "12942111"]
[BlackFideId "24695653"]
[EventCountry "GER"]
[EventRounds "11"]
[EventType "swiss"]
[EventDate "2011.06.11"]

1. e4 c6 2. d4 d5 3. e5 Bf5 4. g4 Bd7 5. Bg2 e6 6. Nf3 c5 7. O-O Nc6 8. c4 dxc4
9. Na3 cxd4 10. Nxc4 Bc5 11. Ng5 f6 12. Ne4 Be7 13. f4 Qc7 14. Ncd6+ Bxd6 15.
Nxd6+ Ke7 16. b3 Be8 17. Ba3 Kd7 18. Rc1 Nge7 19. Rf2 Qa5 20. Nc4 Qa6 21. Bb2
Rd8 22. Bxd4 Kc7 23. Nd6 Kb8 24. Rd2 Rf8 25. Bf1 Qa5 26. Bc3 Qb6+ 27. Kh1 fxe5
28. Nc4 Rxd2 29. Qxd2 Qd8 30. Bxe5+ Ka8 31. Qxd8+ Nxd8 32. Bd6 Ndc6 33. b4 Rf7
34. b5 Nd5 35. bxc6 Bxc6 36. Ne5 Nxf4+ 37. Rxc6 1-0

[Event "DEM U10 2011"]
[Site "Oberhof GER"]
[Date "2011.06.18"]
[Round "11"]
[White "Poghosyan, Tigran"]
[Black "Baberz, Alexander"]
[Result "1/2-1/2"]
[Termination "normal"]
[Board "2"]
[WhiteElo "1685"]
[BlackElo "1854"]
[PlyCount "71"]
[WhiteFideId "12909319"]
[BlackFideId "12921734"]
[EventCountry "GER"]
[EventRounds "11"]
[EventType "swiss"]
[EventDate "2011.06.11"]

1. e4 c5 2. Nf3 d6 3. d4 cxd4 4. Qxd4 Nc6 5. Bb5 Bd7 6. Bxc6 Bxc6 7. Nc3 e5 8.
Qd3 Nf6 9. Bg5 Be7 10. O-O-O a6 11. Bxf6 gxf6 12. Nd5 Bxd5 13. Qxd5 Qc7 14. Qb3
Rc8 15. Qa4+ Qc6 16. Qxc6+ Rxc6 17. Rd3 Rg8 18. g3 Kd7 19. Nh4 Rgc8 20. c3 Rc4
21. Re1 b5 22. Nf5 Ke6 23. Nxe7 Kxe7 24. f3 b4 25. Ree3 bxc3 26. Rxc3 Ke6 27.
Kd2 Rd4+ 28. Kc2 Rb8 29. Rc6 Rdb4 30. b3 R4b6 31. Rec3 f5 32. g4 fxe4 33. fxe4
Kf6 34. h4 Ke6 35. R3c4 Rxc6 36. Rxc6 1/2-1/2

[Event "DEM U10 2011"]
[Site "Oberhof GER"]
[Date "2011.06.18"]
[Round "11"]
[White "Buckels, Valentin"]
[Black "Mätzkow, Maximilian Paul"]
[Result "1-0"]
[Termination "normal"]
[Board "3"]
[WhiteElo "1475"]
[BlackElo "1597"]
[PlyCount "67"]
[WhiteFideId "12942766"]
[BlackFideId "24679933"]
[EventCountry "GER"]
[EventRounds "11"]
[EventType "swiss"]
[EventDate "2011.06.11"]

1. d4 f5 2. g3 Nf6 3. Bg2 e6 4. Nf3 Be7 5. O-O O-O 6. c4 h6 7. Nc3 d6 8. Qc2
Nbd7 9. b3 Rb8 10. Bb2 b6 11. Nh4 Nh7 12. Ng6 Rf6 13. Nxe7+ Qxe7 14. Nb5 a6 15.
Na7 Bb7 16. Bxb7 Rxb7 17. Nc6 Qe8 18. d5 e5 19. b4 Nb8 20. b5 Nxc6 21. bxc6 Rb8
22. a4 a5 23. f4 g6 24. e4 fxe4 25. fxe5 Rxf1+ 26. Rxf1 Ng5 27. e6 Nf3+ 28. Kg2
Kh7 29. Qxe4 Ne5 30. Bxe5 dxe5 31. Qxe5 g5 32. Rf7+ Kg6 33. Qf5+ Kh5 34. g4+
1-0

[Event "DEM U10 2011"]
[Site "Oberhof GER"]
[Date "2011.06.18"]
[Round "11"]
[White "Schmidek, Emil"]
[Black "Reimann, Sebastian"]
[Result "0-1"]
[Termination "normal"]
[Board "4"]
[WhiteElo "1719"]
[BlackElo "1442"]
[PlyCount "152"]
[WhiteFideId "12908150"]
[BlackFideId "12928054"]
[EventCountry "GER"]
[EventRounds "11"]
[EventType "swiss"]
[EventDate "2011.06.11"]

1. e4 e5 2. Nf3 Nc6 3. Bb5 Bc5 4. d3 d6 5. c3 Nf6 6. O-O O-O 7. Re1 Bg4 8. Nbd2
a6 9. Ba4 b5 10. Bc2 h6 11. Nf1 Bb6 12. Ng3 Re8 13. h3 Bd7 14. Nh2 Nh7 15. Nhf1
Ng5 16. Be3 Bxe3 17. Nxe3 Ne7 18. Qe2 Ng6 19. d4 Nf4 20. Qd1 Qf6 21. Ngf5 Bxf5
22. Nxf5 Qg6 23. Nh4 Qf6 24. Nf3 Nfxh3+ 25. Kf1 Nxf3 26. Qxf3 Qxf3 27. gxf3 Nf4
28. Red1 Rad8 29. Rd2 h5 30. dxe5 dxe5 31. Rad1 Rxd2 32. Rxd2 Re6 33. Kg1 Rd6
34. Rxd6 cxd6 35. a4 bxa4 36. Bxa4 Kf8 37. Kh2 Ke7 38. c4 Nd3 39. b3 Nc5 40.
Bc6 Nxb3 41. Bd5 Nd4 42. Kg3 g6 43. f4 Ne2+ 44. Kf3 Nxf4 45. Bc6 a5 46. Bb5 g5
47. Ba4 h4 48. Kg4 f6 49. Bb3 Nd3 50. Kf3 Nc5 51. Ba2 a4 52. Bb1 Kd7 53. Kg2
Kc6 54. Kf3 a3 55. Ba2 Kb6 56. Kg4 Nxe4 57. f3 Nc3 58. Bb3 Kc5 59. Kh3 Kb4 60.
c5 dxc5 61. Bg8 c4 62. Bxc4 Kxc4 63. Kg4 a2 64. Kf5 a1=Q 65. Kxf6 Nd5+ 66. Ke6
Qb1 67. f4 Qg6+ 68. Kxe5 Qf7 69. f5 Ne3 70. Ke4 Qxf5+ 71. Kxe3 Qg4 72. Kf2 Qh3
73. Ke2 Kc3 74. Kf2 Kd3 75. Kg1 Qf3 76. Kh2 h3 0-1

[Event "DEM U10 2011"]
[Site "Oberhof GER"]
[Date "2011.06.18"]
[Round "11"]
[White "Fieberg, Samuel"]
[Black "Sahki, Saphir"]
[Result "0-1"]
[Termination "normal"]
[Board "5"]
[WhiteElo "1762"]
[BlackElo "1597"]
[PlyCount "120"]
[WhiteFideId "12901717"]
[BlackFideId "26028450"]
[EventCountry "GER"]
[EventRounds "11"]
[EventType "swiss"]
[EventDate "2011.06.11"]

1. e4 c5 2. Nf3 Nc6 3. d4 cxd4 4. Nxd4 Nf6 5. Nc3 d6 6. Be2 g6 7. Be3 Bg7 8. f4
a6 9. O-O O-O 10. Bf3 e5 11. Nxc6 bxc6 12. fxe5 dxe5 13. Bc5 Re8 14. Be2 Bb7
15. Qe1 Qc7 16. Qf2 Bc8 17. h3 Be6 18. Rad1 Qb7 19. b4 Rec8 20. a3 a5 21. Bd3
axb4 22. Bxb4 Nh5 23. Ne2 Bf8 24. Rb1 Bxb4 25. axb4 Qe7 26. g4 Ng7 27. Nc1 Rab8
28. c3 c5 29. b5 c4 30. Bc2 Qc5 31. Ba4 Ne8 32. b6 Nd6 33. Re1 Qxf2+ 34. Kxf2
Rc5 35. Ke3 Ra5 36. Rd1 Nb7 37. Rb4 Nc5 38. Bc6 Ra6 39. Rb5 Na4 40. Na2 Rbxb6
41. Rxb6 Nxb6 42. Nb4 Ra3 43. Kd2 Kg7 44. Kc2 Na4 45. Bxa4 Rxa4 46. Kb2 Ra7 47.
Ra1 Rxa1 48. Kxa1 f5 49. exf5 gxf5 50. gxf5 Bxf5 51. h4 Kg6 52. Kb2 Kh5 53. Kc1
Kxh4 54. Kd2 e4 55. Ke3 Kg3 56. Nc2 h5 57. Nd4 Kg4 58. Ne2 h4 59. Nd4 h3 60.
Nxf5 Kxf5 0-1

[Event "DEM U10 2011"]
[Site "Oberhof GER"]
[Date "2011.06.18"]
[Round "11"]
[White "Laubrock, Paul"]
[Black "Tong, Kevin"]
[Result "1-0"]
[Termination "normal"]
[Board "7"]
[WhiteElo "1546"]
[BlackElo "1345"]
[PlyCount "59"]
[WhiteFideId "1270509"]
[BlackFideId "12913944"]
[EventCountry "GER"]
[EventRounds "11"]
[EventType "swiss"]
[EventDate "2011.06.11"]

1. e4 c5 2. Nf3 d6 3. d4 cxd4 4. Nxd4 Nf6 5. Nc3 g6 6. f3 Bg7 7. Be3 O-O 8. Qd2
Nc6 9. O-O-O Bd7 10. Bh6 Rc8 11. h4 a6 12. h5 Ne5 13. g4 b5 14. Be2 Nc4 15.
Bxc4 Rxc4 16. Bxg7 Kxg7 17. hxg6 fxg6 18. Qh6+ Kg8 19. g5 Nh5 20. Rxh5 gxh5 21.
g6 hxg6 22. Qxg6+ Kh8 23. Rh1 Rc5 24. Nd5 Bg4 25. fxg4 Rxc2+ 26. Nxc2 Rf1+ 27.
Rxf1 e5 28. Nf6 Qxf6 29. Rxf6 hxg4 30. Rf8# 1-0

[Event "DEM U10 2011"]
[Site "Oberhof GER"]
[Date "2011.06.18"]
[Round "11"]
[White "Kölz, Niklas"]
[Black "Alekhanov, Jannis"]
[Result "1/2-1/2"]
[Termination "normal"]
[Board "8"]
[WhiteElo "1479"]
[BlackElo "1398"]
[PlyCount "78"]
[WhiteFideId "12971758"]
[BlackFideId "12921238"]
[EventCountry "GER"]
[EventRounds "11"]
[EventType "swiss"]
[EventDate "2011.06.11"]

1. c4 e6 2. g3 d5 3. Bg2 dxc4 4. Qa4+ Bd7 5. Qxc4 Bc6 6. Bxc6+ Nxc6 7. Nf3 Nf6
8. O-O Qd5 9. Qxd5 exd5 10. Nc3 Bc5 11. Nb5 Bb6 12. e3 a6 13. Nc3 d4 14. exd4
Nxd4 15. Nxd4 Bxd4 16. Re1+ Kd7 17. d3 Rhe8 18. Be3 Be5 19. d4 Bd6 20. Bg5 h6
21. Bxf6 gxf6 22. Nd5 Re6 23. Rxe6 Kxe6 24. Ne3 b5 25. Re1 Bf8 26. Rc1 Rc8 27.
f4 f5 28. d5+ Kf6 29. Rc6+ Bd6 30. Rxa6 Rb8 31. Kg2 Rb6 32. Rxb6 cxb6 33. h3 h5
34. Kf3 Bc5 35. Ke2 Bd6 36. Nc2 b4 37. h4 Bc5 38. Ne3 Bd4 39. b3 b5 1/2-1/2